Estatísticas para Os 15 principais países afetados pela Covid-19 - 26 de janeiro 2022

Clique aqui para jogar o quiz

Estatísticas Gerais

  • Esse quiz foi jogado 17 vezes
  • A pontuação média é 17 de 27

Estatísticas das Respostas

país% Correto
Brasil
100%
Espanha
100%
Estados Unidos
100%
França
100%
Rússia
100%
Argentina
93%
Itália
93%
Reino Unido
93%
Colômbia
87%
Índia
87%
México
80%
Polônia
80%
Alemanha
73%
Portugal
60%
Países Baixos
53%
Suíça
47%
Turquia
47%
Bélgica
40%
Dinamarca
33%
Irão
33%
Israel
33%
Lituânia
33%
Estônia
27%
Irlanda
27%
Eslovénia
13%
Geórgia
13%
Chéquia
7%

Distribuição das Pontuações

Percentil de Números Respondidos

Porcentagem de Pessoas com Cada Pontuação

Sua Pontuação Histórica

Você não jogou esse quiz